Прогрессивная технология и автоматизация литья под давлением: материалы семинара [апр. 1991 г.]

書誌詳細
団体著者: Московский Дом научно-технической пропаганды
言語:ロシア語
出版事項: Москва, МДНТП, 1991
主題:
フォーマット: 図書
KOHA link:https://koha.lib.tpu.ru/cgi-bin/koha/opac-detail.pl?biblionumber=188671

MARC

LEADER 00000nam0a2200000 4500
001 188671
005 20231101224141.0
010 |a 5254003960 
020 |a RU  |b 91-32946 
035 |a (RuTPU)RU\TPU\book\204921 
090 |a 188671 
100 |a 20101211d1991 k y0rusy5003 ca 
101 0 |a rus 
102 |a RU 
105 |a a z 001zy 
200 1 |a Прогрессивная технология и автоматизация литья под давлением  |e материалы семинара [апр. 1991 г.]  |f Московский Дом научно-технической пропаганды 
210 |a Москва  |c МДНТП  |d 1991 
215 |a 147,[3] с.  |c ил.  |d 20 см 
320 |a Библиогр. в конце докл. 
610 1 |a литье под давлением 
610 1 |a технология 
610 1 |a автоматизация 
675 |a 621.74.043.2  |z rus  |v 3 
712 0 2 |a Московский Дом научно-технической пропаганды  |2 stltpush  |3 (RuTPU)RU\TPU\col\7885  |9 24405 
801 0 |a RU  |b RuMRKP  |c 19950417  |g psbo 
801 1 |a RU  |b 63413507  |c 20101211 
801 2 |a RU  |b 63413507  |c 20110209  |g RCR 
942 |c BK